| 000 | 00889nam a22003135b 4500 | ||
|---|---|---|---|
| 001 | 00400366 | ||
| 003 | DO-SdBNP | ||
| 005 | 20180221084838.0 | ||
| 007 | 00400366 | ||
| 008 | 940411r1992 sp | |||| ||spa | ||
| 016 | 7 |
_a _2BPMSU |
|
| 017 |
_a _b |
||
| 020 | _a8434811235 | ||
| 035 | _a | ||
| 040 |
_aBPMSU _bspa _cBPMSU _e |
||
| 080 | 0 | _a | |
| 100 | 1 |
_aLalana, Fernando _d1958- |
|
| 245 | 1 | 3 |
_aEl secreto de la arboleda / _cFernando Lalana ; ilustraciones, Antonio Tello _h |
| 250 | _a13ยช ed. | ||
| 260 |
_aMadrid : _bSM, _c1991 |
||
| 300 |
_a113 p. : _bil. _c19 cm |
||
| 490 | 1 |
_aEl barco de vapor _v34. _aSerie azul _v13 |
|
| 586 | _aPremio Gran Angular 1984 | ||
| 700 | 1 |
_aTello, Antonio _d1951- _eil. |
|
| 830 | 3 |
_aEl barco de vapor _v34 _pEl barco de vapor |
|
| 942 |
_2ddc _cBK |
||
| 945 | _ainventariado, 2018 / dg | ||
| 956 |
_aVMATEO _210 _320160405 _6BPMSU _80069 |
||
| 999 |
_c9562 _d9562 |
||